[Event "Titled Tue 27th May Late"]
[Site "chess.com INT"]
[Date "2025.05.27"]
[Round "11"]
[White "Khlebovich, Alexander"]
[Black "Eljanov, Pavel"]
[Result "0-1"]
[WhiteTitle "IM"]
[BlackTitle "GM"]
[WhiteElo "2423"]
[BlackElo "2668"]
[WhiteFideId "4169123"]
[BlackFideId "14102951"]
[EventDate "2025.05.27"]

1. d4 d5 2. c4 e6 3. Nf3 Nf6 4. g3 Bb4+ 5. Nbd2 O-O 6. Bg2 b6 7. O-O Bb7 8. Ne5
a5 9. Ndf3 Bd6 10. Qc2 c5 11. dxc5 bxc5 12. cxd5 exd5 13. Nd3 Nbd7 14. Bf4 Bxf4
15. Nxf4 d4 16. Rfd1 Qb6 17. Rac1 Rfe8 18. b3 h6 19. Nd3 Rac8 20. Re1 Nd5 21.
Bh3 Re7 22. Bxd7 Rxd7 23. Nfe5 Re7 24. Nc4 Qd8 25. Qd2 Nc3 26. Rxc3 dxc3 27.
Qxc3 a4 28. Nf4 axb3 29. axb3 Qd7 30. f3 Rce8 31. Kf2 Ba6 32. h4 Bxc4 33. bxc4
Re3 34. Qb2 R3e5 35. Qc3 h5 36. e4 f5 37. Nd3 R5e7 38. Nxc5 Qc8 39. Qe3 Rc7 40.
Nd3 fxe4 41. fxe4 Rxc4 42. e5 Rc2+ 43. Kg1 Qh3 44. Nf2 Qf5 45. Nd3 Rc3 46. Rd1
Rd8 47. e6 Rdxd3 0-1

[Event "Titled Tue 27th May Late"]
[Site "chess.com INT"]
[Date "2025.05.27"]
[Round "11"]
[White "Zilberstein, Dmitry"]
[Black "Gergacz, Attila"]
[Result "1-0"]
[WhiteTitle "IM"]
[BlackTitle "IM"]
[WhiteElo "2358"]
[BlackElo "2383"]
[WhiteFideId "2010739"]
[BlackFideId "730157"]
[EventDate "2025.05.27"]

1. d4 Nf6 2. c4 g6 3. Nc3 d6 4. e4 Bg7 5. Be2 O-O 6. Be3 Nbd7 7. h4 c5 8. d5 Qa5
9. Bd2 h5 10. Nf3 Ng4 11. Ng5 Nde5 12. f4 f6 13. Ne6 Bxe6 14. dxe6 Nc6 15. Bxg4
hxg4 16. Qxg4 f5 17. Qxg6 Rf6 18. Qh5 Rxe6 19. Qxf5 Nd4 20. Qg4 Kh7 21. f5 Nc2+
22. Ke2 Nd4+ 23. Kd3 Nc6 24. Qh5+ Rh6 25. Bxh6 Ne5+ 26. Ke2 Bxh6 27. g4 Qb4 28.
Rhb1 Qxc4+ 29. Kf2 Qd4+ 30. Kg2 Nd3 31. Qg6+ Kh8 32. Qxh6+ Kg8 33. Qd2 Nf4+ 34.
Qxf4 Qf6 35. g5 Qd4 36. Nd5 Kf8 37. f6 Qd3 38. fxe7+ Ke8 39. Qf8+ Kd7 40. Qf5+
Kc6 41. Rf1 Qe2+ 42. Rf2 Qd3 43. Raf1 Re8 44. Rf3 Qc2+ 45. R1f2 Qc4 46. Qf7 Qxe4
47. Qxe8+ Kxd5 48. Qf7+ 1-0

[Event "Titled Tue 27th May Late"]
[Site "chess.com INT"]
[Date "2025.05.27"]
[Round "11"]
[White "Avila Bautista, Roberto Al"]
[Black "Zhu, Jiner"]
[Result "0-1"]
[WhiteTitle "FM"]
[BlackTitle "GM"]
[WhiteElo "2306"]
[BlackElo "2541"]
[WhiteFideId "5119987"]
[BlackFideId "8608059"]
[EventDate "2025.05.27"]

1. Nf3 Nf6 2. b3 g6 3. Bb2 Bg7 4. c4 c5 5. g3 d6 6. Bg2 O-O 7. O-O e5 8. Nc3 Nc6
9. e3 Re8 10. d3 h6 11. Qd2 Be6 12. d4 cxd4 13. exd4 e4 14. Ne1 Bf5 15. Nc2 Qd7
16. Ne3 Bh3 17. Ncd5 Nxd5 18. Nxd5 Bxg2 19. Kxg2 Rac8 20. Rfe1 Qg4 21. Rad1 h5
22. Qe2 Qf5 23. h4 Kh7 24. Ne3 Qd7 25. Nd5 Qf5 26. Ne3 Qd7 27. Nd5 Qd8 28. a3 f5
29. b4 Qd7 30. Nf4 Bh6 31. Bc1 Qg7 32. d5 Nd4 33. Qa2 Nf3 34. Rf1 Qc3 35. Ne6
Qxc4 36. Qa1 Qc3 37. Bb2 Qb3 38. Bc1 Nxh4+ 39. gxh4 Qf3+ 40. Kg1 Qg4+ 41. Kh1
Qxh4+ 42. Kg1 Qg4+ 43. Kh1 Qh3+ 44. Kg1 Rc3 45. Be3 Rxe3 46. fxe3 Bxe3+ 47. Rf2
Rxe6 48. dxe6 Qg3+ 49. Kh1 Bxf2 50. Qc3 Qxc3 0-1

[Event "Titled Tue 27th May Late"]
[Site "chess.com INT"]
[Date "2025.05.27"]
[Round "11"]
[White "Jagirapu, Harshin Reddy"]
[Black "Becking, Stephan"]
[Result "1-0"]
[BlackTitle "IM"]
[WhiteElo "2042"]
[BlackElo "2410"]
[WhiteFideId "39910679"]
[BlackFideId "4632478"]
[EventDate "2025.05.27"]

1. d4 Nf6 2. c4 e6 3. g3 Bb4+ 4. Bd2 Qe7 5. Nf3 O-O 6. Bg2 Nc6 7. O-O Bxd2 8.
Qxd2 d6 9. Nc3 e5 10. d5 Nb8 11. e4 a5 12. b3 Na6 13. Ne1 Nc5 14. Nd3 Ne8 15.
Nxc5 dxc5 16. f4 Nd6 17. f5 f6 18. g4 Bd7 19. h4 Rad8 20. a4 b6 21. Bf3 g6 22.
Kh1 Kh8 23. Rg1 Rg8 24. Rae1 Qg7 25. Ne2 c6 26. Ng3 cxd5 27. cxd5 Qf7 28. Qc3
Rc8 29. Ref1 Qg7 30. g5 Rge8 31. fxg6 hxg6 32. Be2 f5 33. exf5 Nxf5 34. Nxf5
Bxf5 35. Bg4 Be4+ 36. Bf3 Bf5 37. Qe3 e4 38. Bg4 Qe5 39. Bxf5 gxf5 40. g6 Kg7
41. Rg5 Rf8 42. Rh5 Rh8 43. Rfxf5 Qa1+ 44. Kg2 Qb2+ 45. Rf2 Qd4 46. Qg5 1-0

[Event "Titled Tue 27th May Late"]
[Site "chess.com INT"]
[Date "2025.05.27"]
[Round "11"]
[White "Alvarado, Carlos"]
[Black "Albertini, Luca"]
[Result "1-0"]
[WhiteTitle "CM"]
[WhiteElo "2032"]
[BlackElo "2139"]
[WhiteFideId "3800555"]
[BlackFideId "847038"]
[EventDate "2025.05.27"]

1. Nf3 Nf6 2. d4 g6 3. Bg5 d6 4. Nbd2 Bg7 5. c3 O-O 6. e4 c6 7. a4 Qc7 8. Be2 e5
9. dxe5 dxe5 10. h3 Be6 11. O-O Nfd7 12. Bc4 Re8 13. Re1 Nf8 14. Qb3 Nbd7 15.
Qa3 f6 16. Be3 b6 17. Rad1 Rad8 18. Qa2 Kh8 19. b4 b5 20. Bb3 a6 21. Bxe6 Nxe6
22. Nb3 f5 23. exf5 gxf5 24. Ng5 Nxg5 25. Bxg5 Nf6 26. Rxd8 Qxd8 27. Nc5 Qd5 28.
Qc2 e4 29. Rd1 Qf7 30. Bxf6 Qxf6 31. c4 bxa4 32. Qxa4 f4 33. Qxa6 f3 34. g3 e3
35. Qa2 exf2+ 36. Qxf2 Re2 37. Qf1 Bh6 38. Rd3 Be3+ 39. Kh1 Qf5 40. Rd8+ Kg7 41.
g4 Qf6 42. Rd7+ Kf8 43. Ne4 Qe5 44. Qxf3+ 1-0

[Event "Titled Tue 27th May Late"]
[Site "chess.com INT"]
[Date "2025.05.27"]
[Round "11"]
[White "Le, Tuan Minh"]
[Black "Martinez Alcantara, Jose Eduardo"]
[Result "1-0"]
[WhiteTitle "GM"]
[BlackTitle "GM"]
[WhiteElo "2598"]
[BlackElo "2611"]
[WhiteFideId "12401153"]
[BlackFideId "3805662"]
[EventDate "2025.05.27"]

1. d4 d5 2. Nf3 e6 3. Bf4 Bd6 4. e3 Ne7 5. Bg3 Nf5 6. c4 Nxg3 7. hxg3 c6 8. Nc3
Nd7 9. Bd3 Nf6 10. Rc1 h6 11. Qe2 Be7 12. a3 Rb8 13. Ne5 Nd7 14. Nf3 a6 15. cxd5
exd5 16. e4 dxe4 17. Qxe4 Nf6 18. Qe5 Ra8 19. O-O O-O 20. Qf4 Be6 21. Rfe1 Qd6
22. Ne5 Rad8 23. Rcd1 g5 24. Qf3 Kg7 25. Bb1 Qc7 26. Bf5 Bd5 27. Qe3 c5 28. Nxd5
Rxd5 29. Bb1 cxd4 30. Qe2 Re8 31. f4 Bd6 32. Qd3 Bxe5 33. fxe5 Rdxe5 34. Rf1 Re3
35. Qxd4 Qe5 36. Kh2 Qxg3+ 37. Kg1 Qe5 38. Qc4 Re7 39. Rd2 Ng4 40. Qxg4 Rc7 41.
Qf5 Qxf5 42. Bxf5 Rce7 43. Rdf2 1-0

[Event "Titled Tue 27th May Late"]
[Site "chess.com INT"]
[Date "2025.05.27"]
[Round "11"]
[White "Sharankov, Grigory"]
[Black "Lisenkov, Svyatoslav"]
[Result "0-1"]
[WhiteTitle "CM"]
[BlackTitle "CM"]
[WhiteElo "2238"]
[BlackElo "2241"]
[WhiteFideId "4168356"]
[BlackFideId "34264183"]
[EventDate "2025.05.27"]

1. e4 c5 2. Nf3 d6 3. d4 cxd4 4. Qxd4 Nf6 5. h3 Nc6 6. Qe3 g6 7. Be2 Bg7 8. O-O
O-O 9. Rd1 Qb6 10. Qxb6 axb6 11. Nc3 Be6 12. a3 Nd7 13. Bd2 Nc5 14. Rab1 Bxc3
15. Bxc3 Nxe4 16. Be1 Rfc8 17. Kf1 Nc5 18. Ng5 Bf5 19. Rd2 h6 20. Nf3 Ne4 21.
Rdd1 Nc5 22. Rd2 Ra4 23. Bb5 Ra7 24. g4 Be4 25. Ng1 Ne5 26. Be2 Ne6 27. f3 Bc6
28. Bf2 Nf4 29. Bxb6 Ra4 30. Be3 Nxe2 31. Kxe2 Nc4 32. Rd4 Bb5 33. Kf2 Nxe3 34.
Rxa4 Bxa4 35. Kxe3 Rxc2 36. Ne2 e5 37. Nc3 Bc6 38. a4 d5 39. Kd3 Rf2 40. b4
Rxf3+ 41. Kd2 d4 42. Ne2 Rf2 43. Ke1 Rh2 44. Rb3 Bd5 45. Ra3 Bc4 46. Ng3 Rxh3
47. a5 e4 48. Kf2 Rh2+ 49. Kg1 Rh4 50. Kf2 Rxg4 0-1

[Event "Titled Tue 27th May Late"]
[Site "chess.com INT"]
[Date "2025.05.27"]
[Round "11"]
[White "Fomevor, Cephas Clinton"]
[Black "Montano Vicente, Guadalupe"]
[Result "1-0"]
[WhiteTitle "CM"]
[WhiteElo "1883"]
[BlackElo "1940"]
[WhiteFideId "12601330"]
[BlackFideId "5181399"]
[EventDate "2025.05.27"]

1. d4 Nf6 2. c4 g6 3. Nc3 Bg7 4. Nf3 d6 5. Bg5 Bg4 6. Qb3 Qc8 7. e3 Nbd7 8. Be2
O-O 9. O-O c6 10. Rac1 e5 11. dxe5 dxe5 12. Bxf6 Bxf6 13. Ne4 Bg7 14. Nd6 Qc7
15. Rfd1 Nc5 16. Qa3 Ne6 17. h3 Bxf3 18. Bxf3 Rfd8 19. c5 b6 20. b4 bxc5 21.
bxc5 Rab8 22. Bg4 f5 23. Be2 e4 24. Bc4 Bb2 25. Bxe6+ Kg7 26. Qa4 Bxc1 27. Rxc1
Qe7 28. Qd4+ Qf6 29. Qc4 Qe7 30. Qc3+ Qf6 31. Qc4 a5 32. Qc3 Qxc3 33. Rxc3 Kf6
34. Bb3 Rb4 35. Rc1 a4 36. Bc4 Rb2 37. g3 Rdb8 38. Kg2 Rb1 39. Rxb1 Rxb1 40. h4
Rc1 41. Ne8+ Ke7 42. Nc7 1-0

[Event "Titled Tue 27th May Late"]
[Site "chess.com INT"]
[Date "2025.05.27"]
[Round "11"]
[White "Rustemov, Alexander"]
[Black "Naroditsky, Daniel"]
[Result "0-1"]
[WhiteTitle "GM"]
[BlackTitle "GM"]
[WhiteElo "2525"]
[BlackElo "2619"]
[WhiteFideId "4119002"]
[BlackFideId "2026961"]
[EventDate "2025.05.27"]

1. d4 Nf6 2. Bg5 Ne4 3. Bf4 Nc6 4. Nf3 d5 5. Nbd2 Nxd2 6. Qxd2 Bf5 7. e3 a6 8.
Bd3 Bxd3 9. Qxd3 e6 10. O-O Bd6 11. Bxd6 cxd6 12. c4 dxc4 13. Qxc4 d5 14. Qc5
Rc8 15. Rfc1 f6 16. Rc3 Kf7 17. Rac1 Ne7 18. Qb4 Qd7 19. Ne1 Rxc3 20. Rxc3 Rc8
21. Nd3 Rxc3 22. bxc3 Nc6 23. Qb6 Nd8 24. Nc5 Qc8 25. h4 Ke7 26. f3 Qc6 27. Qa7
e5 28. a4 Qc7 29. Kf2 a5 30. h5 h6 31. g4 exd4 32. cxd4 Kd6 33. Kg3 b6 34. Qxc7+
Kxc7 35. Nd3 b5 36. axb5 Ne6 37. g5 fxg5 38. Kg4 Kb6 39. Kf5 Nf8 40. Ke5 Kxb5
41. Kxd5 a4 42. Kd6 a3 43. Nc1 g6 44. hxg6 Nxg6 45. Ke6 h5 46. Kf5 h4 47. Kg4
Kc4 48. f4 gxf4 49. exf4 Kxd4 50. f5 Ne7 51. f6 Ng8 52. f7 Nh6+ 53. Kxh4 Nxf7
54. Kg3 Ne5 55. Kf2 Nd3+ 56. Ke2 Nxc1+ 57. Kd1 a2 58. Kc2 a1=Q 59. Kd2 Qb2+ 60.
Kd1 Qe2+ 0-1

[Event "Titled Tue 27th May Late"]
[Site "chess.com INT"]
[Date "2025.05.27"]
[Round "11"]
[White "Gomez Gonzales, Fabiana"]
[Black "Averchenko, Sergej"]
[Result "1-0"]
[WhiteTitle "WCM"]
[BlackTitle "FM"]
[WhiteElo "1843"]
[BlackElo "2164"]
[WhiteFideId "3860191"]
[BlackFideId "4131533"]
[EventDate "2025.05.27"]

1. e4 c5 2. Nf3 d6 3. d4 cxd4 4. Nxd4 Nf6 5. f3 e5 6. Bb5+ Bd7 7. Bxd7+ Qxd7 8.
Nf5 d5 9. Bg5 dxe4 10. Bxf6 Qxd1+ 11. Kxd1 gxf6 12. fxe4 Nc6 13. Nc3 O-O-O+ 14.
Ke2 Nd4+ 15. Nxd4 Rxd4 16. Rad1 Bc5 17. Rd3 Rg8 18. g3 Rgd8 19. Rhd1 a6 20. Kf3
b5 21. Nd5 f5 22. Rxd4 exd4 23. Nf4 fxe4+ 24. Kxe4 Kc7 25. b4 Bb6 26. Nd5+ Kc6
27. Nxb6 Kxb6 28. Rxd4 Rc8 29. Rd6+ Kb7 30. Kd3 Rc7 31. Rh6 Rd7+ 32. Kc3 Rc7+
33. Kb3 f5 34. Rf6 Re7 35. Rxf5 Re2 36. Rh5 Re7 37. Rh6 Re3+ 38. c3 Re7 39. h4
Rg7 40. g4 Rxg4 41. Rxh7+ Kb6 42. Rh6+ Kb7 43. h5 Rg2 44. Rh7+ Kb6 45. h6 Rh2
46. Rh8 Kb7 47. a4 Ka7 48. Rh7+ Kb6 49. a5+ Kc6 50. Ra7 1-0

[Event "Titled Tue 27th May Late"]
[Site "chess.com INT"]
[Date "2025.05.27"]
[Round "11"]
[White "Xiong, Jeffery"]
[Black "Svane, Frederik"]
[Result "1/2-1/2"]
[WhiteTitle "GM"]
[BlackTitle "GM"]
[WhiteElo "2636"]
[BlackElo "2671"]
[WhiteFideId "2047640"]
[BlackFideId "12923044"]
[EventDate "2025.05.27"]

1. c4 e5 2. Nc3 Nf6 3. Nf3 Nc6 4. g3 d5 5. cxd5 Nxd5 6. Bg2 Bc5 7. O-O O-O 8. d3
h6 9. Nxd5 Qxd5 10. Bd2 Rd8 11. Bc3 Qd6 12. Nd2 Qe7 13. Bxc6 bxc6 14. Qa4 Bd7
15. Rac1 Bb6 16. Qc4 Kh8 17. Nf3 Be6 18. Qxc6 Bd5 19. Qa4 Bxf3 20. exf3 Rxd3 21.
Qe4 Rad8 22. Bxe5 Qe6 23. Bxc7 Qxe4 24. fxe4 R8d7 25. Bxb6 axb6 26. Rc2 Rd2 27.
Rfc1 R7d4 28. f3 g5 29. b3 Kg7 30. Rxd2 Rxd2 31. Rc6 Rxa2 32. Rxb6 h5 33. h4
gxh4 34. gxh4 Rb2 35. b4 f6 36. b5 Kf7 37. Rb8 Ke6 38. f4 Kd7 39. b6 Rb4 40. e5
fxe5 41. fxe5 Kc6 42. b7 Re4 43. Rh8 Kxb7 44. Rxh5 Kc6 45. Kf2 Kd5 46. Kf3 Rxe5
47. Rh6 Re6 48. Rh8 Ke5 49. Kg4 Kf6 50. Rh6+ Kf7 51. Rxe6 Kxe6 52. h5 Kf7 53. h6
Kg8 54. h7+ Kh8 55. Kf4 Kxh7 1/2-1/2

[Event "Titled Tue 27th May Late"]
[Site "chess.com INT"]
[Date "2025.05.27"]
[Round "11"]
[White "Dudzinski, Pawel"]
[Black "Sieciechowicz, Marcin"]
[Result "0-1"]
[WhiteTitle "FM"]
[BlackTitle "IM"]
[WhiteElo "2191"]
[BlackElo "2410"]
[WhiteFideId "1117890"]
[BlackFideId "1130170"]
[EventDate "2025.05.27"]

1. e4 e6 2. d4 d5 3. Nd2 c5 4. exd5 Qxd5 5. Ngf3 cxd4 6. Bc4 Qd6 7. O-O Nf6 8.
Nb3 Nc6 9. Nbxd4 Nxd4 10. Qxd4 Qxd4 11. Nxd4 Bc5 12. Bb5+ Bd7 13. Bxd7+ Kxd7 14.
Nb3 Bb6 15. Rd1+ Ke7 16. Bg5 Rhd8 17. Kf1 h6 18. Bxf6+ Kxf6 19. Ke2 e5 20. f3
Ke6 21. Rxd8 Rxd8 22. Rd1 Rxd1 23. Kxd1 f5 24. Ke2 Kd5 25. Kd3 e4+ 26. fxe4+
fxe4+ 27. Ke2 h5 28. Nd2 Bc7 29. Nf1 Bf4 30. Ne3+ Bxe3 31. Kxe3 b5 32. c3 a5 33.
b3 h4 34. g3 hxg3 35. hxg3 a4 36. g4 g5 37. Ke2 Kd6 38. Ke3 Ke5 39. c4 bxc4 40.
bxc4 a3 41. Kd2 Kd4 42. c5 Kxc5 43. Kc3 Kd5 44. Kd2 Kd4 45. Ke2 Kc3 46. Ke3 Kb2
47. Kxe4 Kxa2 48. Kf5 Kb3 49. Kxg5 a2 50. Kg6 a1=Q 51. Kh7 Qf6 52. Kg8 Qg5+ 53.
Kf7 Qxg4 0-1

[Event "Titled Tue 27th May Late"]
[Site "chess.com INT"]
[Date "2025.05.27"]
[Round "11"]
[White "Chocenka, Dmitrijus"]
[Black "Herrera Ortiz, Miguel"]
[Result "1-0"]
[WhiteTitle "FM"]
[BlackTitle "IM"]
[WhiteElo "2304"]
[BlackElo "2174"]
[WhiteFideId "12802336"]
[BlackFideId "5100550"]
[EventDate "2025.05.27"]

1. e4 e5 2. d4 exd4 3. Nf3 Nc6 4. Bc4 Nf6 5. e5 d5 6. Bb5 Ne4 7. Nxd4 Bd7 8.
Bxc6 bxc6 9. O-O Bc5 10. Be3 O-O 11. Nd2 Qe7 12. Re1 Bb6 13. N4b3 f5 14. f3 Ng5
15. f4 Ne4 16. Nf3 Be6 17. a4 a5 18. Nbd4 c5 19. Nxe6 Qxe6 20. c4 d4 21. Bf2
Qxc4 22. Rc1 Qd5 23. Bh4 Rfe8 24. Qd3 c6 25. b3 Bc7 26. Nd2 Rab8 27. Nxe4 Rxb3
28. Nf6+ gxf6 29. Qxf5 Qe6 30. Qxf6 Qxf6 31. Bxf6 d3 32. Red1 Bb6 33. Kf1 Kf7
34. g4 Ke6 35. f5+ Kd5 36. e6 c4 37. Bc3 Be3 38. Bd2 Bxd2 39. Rxd2 Kd4 40. Rf2
c3 41. f6 d2 42. Rd1 Kd3 43. f7 Rf8 44. e7 c2 45. Rdxd2+ Kc3 46. exf8=Q c1=Q+
47. Kg2 Qxd2 48. Rxd2 Kxd2 49. Qd6+ Rd3 50. Qxd3+ Kxd3 51. f8=Q 1-0

[Event "Titled Tue 27th May Late"]
[Site "chess.com INT"]
[Date "2025.05.27"]
[Round "11"]
[White "Svane, Rasmus"]
[Black "Sklokin, Sergey"]
[Result "1-0"]
[WhiteTitle "GM"]
[BlackTitle "FM"]
[WhiteElo "2629"]
[BlackElo "2311"]
[WhiteFideId "4657101"]
[BlackFideId "55730230"]
[EventDate "2025.05.27"]

1. Nf3 c5 2. c4 e6 3. g3 Nc6 4. Bg2 Nf6 5. O-O d5 6. cxd5 exd5 7. d4 Be7 8. Nc3
O-O 9. b3 Be6 10. Bb2 Rc8 11. Rc1 cxd4 12. Nxd4 a6 13. e3 Nxd4 14. Qxd4 Bc5 15.
Qd3 Ba7 16. Ne2 Qe7 17. Nf4 h6 18. Bxf6 Qxf6 19. Nxd5 Bxd5 20. Rxc8 Rxc8 21.
Qxd5 Rc7 22. h4 g6 23. h5 g5 24. Be4 Kg7 25. Kg2 Re7 26. Bf3 Qb2 27. Be4 Re6 28.
Qf5 Rf6 29. Qh7+ Kf8 30. Qh8+ Ke7 31. Bf5 Qe5 32. Qa8 Rxf5 33. Qxb7+ Kf8 34.
Qxa7 Qe4+ 35. f3 Qd3 36. Qd4 Qb5 37. Rf2 Qc6 38. e4 Rf6 39. g4 Rf4 40. Qh8+ Ke7
41. Rd2 Rf6 42. Qd8+ Ke6 43. Kg3 Rf4 44. Qd5+ Qxd5 45. Rxd5 Rf6 46. Rf5 Rxf5 47.
gxf5+ Ke5 48. b4 Kd4 49. a4 1-0

[Event "Titled Tue 27th May Late"]
[Site "chess.com INT"]
[Date "2025.05.27"]
[Round "11"]
[White "Le, Quang Liem"]
[Black "Tahbaz, Arash"]
[Result "0-1"]
[WhiteTitle "GM"]
[BlackTitle "IM"]
[WhiteElo "2729"]
[BlackElo "2462"]
[WhiteFideId "12401137"]
[BlackFideId "12528846"]
[EventDate "2025.05.27"]

1. Nf3 Nf6 2. c4 g6 3. Nc3 Bg7 4. g3 O-O 5. Bg2 d6 6. O-O e5 7. d4 Nbd7 8. e4
Re8 9. Re1 b6 10. b3 exd4 11. Nxd4 Bb7 12. Bb2 h5 13. h3 Nc5 14. Qc2 h4 15. g4
Nxg4 16. hxg4 Bxd4 17. Qd2 Ne6 18. Ne2 Bxb2 19. Qxb2 Qg5 20. f3 Nf4 21. Qc1 Qc5+
22. Kh1 Nd3 23. Qd2 Nxe1 24. Rxe1 a5 25. Nc3 f6 26. f4 g5 27. Rf1 Kg7 28. Nd5
Bxd5 29. cxd5 Qb4 30. Qc1 h3 31. Bf3 Qc5 32. Qd2 gxf4 33. Qxf4 Qd4 34. g5 f5 35.
Qc1 fxe4 36. Qxc7+ Kh8 37. Be2 Rf8 38. Qxd6 Qg7 39. Rg1 Rf2 40. Bg4 h2 41. Rg2
Rxg2 42. Kxg2 Qb2+ 43. Kh1 Qc1+ 44. Kxh2 Qxg5 45. Be6 Qh6+ 46. Kg3 Rg8+ 47. Kf2
Qd2+ 48. Kf1 Qd1+ 49. Kf2 Qf3+ 50. Ke1 Rg1+ 51. Kd2 Qd3# 0-1

[Event "Titled Tue 27th May Late"]
[Site "chess.com INT"]
[Date "2025.05.27"]
[Round "11"]
[White "Kang, Dorian"]
[Black "Erece, Ece Alkim"]
[Result "1-0"]
[WhiteTitle "CM"]
[BlackTitle "WCM"]
[WhiteElo "2047"]
[BlackElo "1843"]
[WhiteFideId "2619156"]
[BlackFideId "6346006"]
[EventDate "2025.05.27"]

1. e4 c6 2. d4 d5 3. exd5 cxd5 4. Bd3 Nc6 5. c3 Nf6 6. Bf4 g6 7. Nf3 Bg7 8. O-O
O-O 9. Nbd2 Bg4 10. h3 Bxf3 11. Nxf3 e6 12. Qd2 a6 13. Bh6 b5 14. a3 Rb8 15.
Bxg7 Kxg7 16. Ne1 a5 17. b4 a4 18. f4 Ne7 19. Qe2 Qc7 20. Rc1 Qc6 21. Nf3 Nf5
22. Kh2 Nd6 23. Ne5 Qc7 24. g4 Nfe4 25. Bxe4 Nxe4 26. Qe3 f6 27. Nd3 Rfe8 28.
Kg2 Rbc8 29. Nc5 Nxc5 30. bxc5 e5 31. fxe5 fxe5 32. Qd3 e4 33. Qxb5 Rb8 34. Qe2
Rb3 35. c4 Qg3+ 36. Kh1 Qxh3+ 37. Qh2 Qxg4 38. Qc7+ Kh6 39. Rf2 Rh3+ 40. Rh2
Qf3+ 41. Kg1 Rf8 42. Rxh3+ Qxh3 43. Qh2 Qxh2+ 44. Kxh2 dxc4 45. c6 e3 46. c7 e2
47. d5 Re8 48. Re1 c3 49. d6 c2 50. d7 c1=R 51. Rxc1 e1=Q 52. Rxe1 Rxe1 53. d8=Q 1-0

[Event "Titled Tue 27th May Late"]
[Site "chess.com INT"]
[Date "2025.05.27"]
[Round "11"]
[White "Fascio Outerbridge, Arno Augusto"]
[Black "Buchenau, Frank"]
[Result "0-1"]
[WhiteTitle "CM"]
[BlackTitle "FM"]
[WhiteElo "2060"]
[BlackElo "2190"]
[WhiteFideId "6610862"]
[BlackFideId "4604350"]
[EventDate "2025.05.27"]

1. Nf3 Nf6 2. d4 e6 3. g3 b6 4. Bg2 Bb7 5. O-O Be7 6. c4 O-O 7. Nc3 Ne4 8. Qc2
Nxc3 9. Qxc3 f5 10. b4 Bf6 11. e3 c5 12. bxc5 bxc5 13. Ba3 Na6 14. Qb3 Qb6 15.
Rab1 Qxb3 16. Rxb3 Be4 17. Nd2 Bxg2 18. Kxg2 Rfc8 19. Rfb1 cxd4 20. exd4 Bxd4
21. Rb7 Bc3 22. Rxd7 Rd8 23. Rbb7 Rxd7 24. Rxd7 Rc8 25. Rxa7 Nb4 26. Nf3 Rxc4
27. Ra8+ Kf7 28. Rb8 Nd5 29. Ng5+ Kf6 30. Nxh7+ Ke5 31. Nf8 Rc6 32. Nd7+ Ke4 33.
Bb2 Bxb2 34. Rxb2 f4 35. Re2+ Kf5 36. Nf8 e5 37. h3 e4 38. g4+ Ke5 39. Nd7+ Kd6
40. Rxe4 Kxd7 41. h4 Rc3 42. a4 Ra3 43. h5 Kd6 44. g5 f3+ 45. Kg3 Nc3 46. Rf4
Ne2+ 47. Kg4 Nxf4 48. Kxf4 Rxa4+ 49. Kf5 Ra2 50. Kg6 Rxf2 51. Kxg7 Rg2 52. g6 f2
53. h6 f1=Q 54. h7 Qa1+ 55. Kh6 Qf6 56. h8=Q Qxg6# 0-1

[Event "Titled Tue 27th May Late"]
[Site "chess.com INT"]
[Date "2025.05.27"]
[Round "11"]
[White "Pyrih, Roman"]
[Black "Holinka, Henning"]
[Result "0-1"]
[WhiteTitle "FM"]
[BlackTitle "FM"]
[WhiteElo "2429"]
[BlackElo "2303"]
[WhiteFideId "14179156"]
[BlackFideId "12967084"]
[EventDate "2025.05.27"]

1. a3 a6 2. e4 c5 3. b4 e6 4. Nf3 cxb4 5. d4 Nf6 6. Bd3 Nc6 7. O-O d5 8. e5 Ne4
9. Qe1 bxa3 10. Bxa3 Bxa3 11. Nxa3 O-O 12. Bxe4 dxe4 13. Qxe4 Qd5 14. Qh4 h6 15.
c4 Qd8 16. Qe4 Ne7 17. Rfd1 Qb6 18. d5 exd5 19. cxd5 Bf5 20. Qd4 Qxd4 21. Nxd4
Be4 22. d6 Nc6 23. Nc4 b5 24. Nxc6 Bxc6 25. Na5 Bd7 26. Nb3 Rfc8 27. Rdc1 Rxc1+
28. Rxc1 a5 29. Ra1 a4 30. Nc5 Bc6 31. d7 Kf8 32. e6 fxe6 33. Re1 Bd5 34. f4 a3
35. f5 e5 36. Rxe5 a2 37. Re1 b4 38. Kf2 b3 39. Rd1 b2 40. Rxd5 b1=Q 41. Ne6+
Ke7 42. d8=Q+ Rxd8 43. Rxd8 a1=Q 44. Nd4 Qab2+ 45. Kf3 Qf1+ 46. Ke4 Qbxg2+ 47.
Ke5 Qe1+ 48. Kf4 Qgf2+ 49. Kg4 Qe4+ 50. Kh5 Qfxf5+ 51. Nxf5+ Qxf5+ 52. Kh4 Kxd8
53. h3 Qg5# 0-1

[Event "Titled Tue 27th May Late"]
[Site "chess.com INT"]
[Date "2025.05.27"]
[Round "11"]
[White "Butti, Enrique"]
[Black "Ferrara, Enzo"]
[Result "0-1"]
[WhiteTitle "CM"]
[WhiteElo "1998"]
[BlackElo "2138"]
[WhiteFideId "3700470"]
[BlackFideId "137731"]
[EventDate "2025.05.27"]

1. d4 f5 2. Nf3 Nf6 3. g3 g6 4. Bg2 Bg7 5. O-O O-O 6. c4 d6 7. Nc3 c6 8. Qb3 Kh8
9. Qa3 Qe8 10. b4 e5 11. c5 e4 12. Ne1 d5 13. Qb3 b6 14. Na4 Ba6 15. cxb6 axb6
16. Nxb6 Ra7 17. e3 Bxf1 18. Bxf1 Nbd7 19. Na4 Qa8 20. Nc3 Rb8 21. a4 Bf8 22.
Ba3 Nb6 23. b5 Bxa3 24. Rxa3 Nbd7 25. Qb4 Qb7 26. Qd6 Rc8 27. Nc2 Kg7 28. Nb4
cxb5 29. Bxb5 Nb6 30. Qe5 Qe7 31. a5 Qxe5 32. dxe5 Ng4 33. Ncxd5 Nxd5 34. Nxd5
Rc1+ 35. Kg2 Nxe5 36. Ra1 Rxa1 37. Nf4 R1xa5 38. Be2 Kf6 39. h3 Ra2 40. g4 fxg4
41. hxg4 Nd3 42. Bxd3 exd3 43. Nxd3 Rd2 44. Nf4 Raa2 45. Nh3 g5 46. Kf3 Rdb2 47.
Kg3 Rb3 48. Kf3 Ra1 49. Kg3 h6 50. Kf3 Ke5 51. Kg3 Ke4 52. Ng1 Rxg1+ 53. Kh2
Rgb1 0-1

[Event "Titled Tue 27th May Late"]
[Site "chess.com INT"]
[Date "2025.05.27"]
[Round "11"]
[White "Navoyan, Gagik"]
[Black "Plat, Vojtech"]
[Result "0-1"]
[WhiteTitle "CM"]
[BlackTitle "GM"]
[WhiteElo "2186"]
[BlackElo "2482"]
[WhiteFideId "13314866"]
[BlackFideId "325740"]
[EventDate "2025.05.27"]

1. e4 c5 2. Nf3 Nc6 3. Bb5 g6 4. O-O Bg7 5. Re1 Nf6 6. c3 O-O 7. h3 e5 8. Bxc6
dxc6 9. Nxe5 Re8 10. d4 cxd4 11. cxd4 Nxe4 12. Rxe4 Rxe5 13. Rxe5 Bxe5 14. Be3
Be6 15. Nc3 Bg7 16. Qf3 Qf6 17. Qg3 Qe7 18. Re1 Qd7 19. Ne4 b6 20. b3 Bf5 21.
Nd6 Be6 22. Bf4 Rd8 23. Be5 f6 24. Bf4 Bd5 25. Qe3 Bf8 26. Ne8 Qf7 27. Nc7 g5
28. Bxg5 Qxc7 29. Bxf6 Rd7 30. Qg5+ Rg7 31. Bxg7 Qxg7 32. Qxg7+ Bxg7 33. Rd1 a5
34. f4 b5 35. Kf2 a4 36. bxa4 bxa4 37. Rd2 a3 38. g4 Bf8 39. Ke3 Kf7 40. Rc2 Bd6
41. h4 Kf6 42. h5 Ke6 43. Rh2 Bb4 44. g5 Kf5 45. g6 h6 46. Rc2 Kf6 47. f5 Bd6
48. Rf2 Bg3 49. Rc2 Bh4 50. Kf4 Bg5+ 51. Kg4 Kg7 52. Re2 Bf6 53. Re8 Bxa2 54.
Ra8 Be7 55. Ra7 Kf6 56. Kf4 Bd5 57. Kg4 a2 58. Ra8 Bb4 59. Ra7 Bc3 60. g7 a1=Q
61. g8=Q Bxg8 62. Rxa1 Bxa1 0-1